00233nam a2200097Ia 4500008004100000100000900041245003200050260002900082942000700111999001700118190216s9999||||xx |||||||||||||| ||und|| aNull 0aHindi-Karabathom Ke Kusumam bThe University Of Kerala cBK c17687d17687